Schematismus venerabilis cleri regularis ...
| Format: | Serial |
|---|---|
| Language: | English |
| Published: |
[Padova]
Lavrini, Victoris Sauervein
|
MARC
| LEADER | 00000nas a2200000 a 4500 | ||
|---|---|---|---|
| 001 | vtls010481941 | ||
| 003 | SK-MaSNL | ||
| 005 | 20260221115343.0 | ||
| 008 | 130109c mr1 0 0eng d | ||
| 040 | |a SNK |b slo |c SNK | ||
| 245 | 0 | 0 | |a Schematismus venerabilis cleri regularis ... |
| 260 | |a [Padova] |b Lavrini, Victoris Sauervein | ||
| 500 | |a Popis podľa: Roč. č. rok 1872 | ||
| 910 | |a snk | ||
| 999 | |c 4597 |d 6527 | ||
| 952 | |0 0 |1 0 |3 Rekatalogizácia |4 0 |7 0 |8 3 |a SNK |b SNK |d 2013-01-09 |i snkK 3285/66 |l 0 |o snkČSD 357/1872 |p 17A0747001 |r 2026-02-21 21:23:38 |w 2026-02-21 |y PREZ | ||


